000 00628cam a22002291a 4500
001 sa 68014340
003 DLC
005 20260227112630.0
008 840201m19659999io c 000 0cind
010 _asa 68014340
035 _a(OCoLC)10363733
040 _aDLC
_cOAU
_dDLC
042 _apremarc
043 _aa-io---
050 0 0 _aDS632.5
_b.D553
100 1 _aDjaja, Tamar.
245 1 0 _aPustaka Indonesia :
_briwajat hidup orang-orang besar tanah air /
_cTamar Djaja.
250 _aTjet. 6.
260 _aDjakarta :
_bBulan Bintang,
_c1965-
300 _a v. :
_bports. ;
_c22 cm.
651 0 _aIndonesia
_vBiography.
999 _c85712
_d85712